[Event "Berlin SF Neukoelln op 3rd"]
[Site "Berlin"]
[Date "2004.02.07"]
[Round "1"]
[White "Dimitrijeski, Kristian"]
[Black "Baehr, Frank Ronald"]
[Result "1-0"]
[WhiteElo "2083"]
[BlackElo "1677"]
[PlyCount "63"]
[EventDate "2004.02.07"]
[EventType "swiss"]
[EventRounds "7"]
[EventCountry "GER"]
[SourceTitle "EXT 2022"]
[Source "ChessBase"]
[SourceDate "2021.10.06"]
[SourceVersion "1"]
[SourceVersionDate "2021.10.06"]
[SourceQuality "1"]

1. e4 e5 2. f4 exf4 3. Nf3 d5 4. exd5 Nf6 5. Bb5+ c6 6. dxc6 bxc6 7. Bc4 Bg4 8. Bxf7+ Kxf7 9. Ne5+ Kg8 10. Nxg4 Ne4 11. Qe2 Qd5 12. d3 Nc5 13. Bxf4 h5 14. Ne3 Qd4 15. 0-0 Nbd7 16. Kh1 Qxb2 17. Nd2 Re8 18. Ndc4 Qd4 19. Qf3 Re6 20. Bg5 Nf6 21. Nf5 Qc3 22. Bd2 Qxc2 23. Nd4 Qa4 24. Nxe6 Nxe6 25. Bc3 Rh6 26. Rae1 Nc5 27. Bxf6 gxf6 28. Qg3+ Kh7 29. Re8 Rg6 30. Qf3 Bg7 31. Qxh5+ Rh6 32. Qxc5 1-0

[Event "Berlin op 10"]
[Site "Berlin"]
[Date "2003.11.03"]
[Round "4"]
[White "Baehr, Frank Ronald"]
[Black "Schoenberger, Kay"]
[Result "0-1"]
[WhiteElo "1691"]
[BlackElo "1595"]
[PlyCount "44"]
[EventDate "2003.10.13"]
[EventType "swiss"]
[EventRounds "7"]
[EventCountry "GER"]
[SourceTitle "EXT 2007"]
[Source "ChessBase"]
[SourceDate "2006.11.23"]
[SourceVersion "1"]
[SourceVersionDate "2006.11.23"]
[SourceQuality "1"]

1. e4 e6 2. d4 d5 3. e5 c5 4. c3 Nc6 5. Nf3 cxd4 6. cxd4 Nge7 7. Bb5 Bd7 8. 0-0 Nxe5 9. Nxe5 Bxb5 10. Re1 Ng6 11. Nxf7 Kxf7 12. Nc3 Bc6 13. Re3 Be7 14. Qf3+ Bf6 15. Qg4 Re8 16. Rh3 e5 17. Qf3 exd4 18. Ne2 Bb5 19. Be3 dxe3 20. fxe3 Kg8 21. Qh5 Bxe2 22. Qxe2 Nf4 0-1

[Event "Berlin op 10"]
[Site "Berlin"]
[Date "2003.10.27"]
[Round "3"]
[White "Berg, Gerd"]
[Black "Baehr, Frank Ronald"]
[Result "0-1"]
[WhiteElo "1424"]
[BlackElo "1691"]
[PlyCount "71"]
[EventDate "2003.10.13"]
[EventType "swiss"]
[EventRounds "7"]
[EventCountry "GER"]
[SourceTitle "EXT 2007"]
[Source "ChessBase"]
[SourceDate "2006.11.23"]
[SourceVersion "1"]
[SourceVersionDate "2006.11.23"]
[SourceQuality "1"]

1. c4 Nf6 2. Nc3 e5 3. g3 c6 4. Bg2 d5 5. cxd5 cxd5 6. d3 Nc6 7. Bg5 d4 8. Bxf6 gxf6 9. Ne4 Bb4+ 10. Kf1 f5 11. a3 Be7 12. Nd2 Be6 13. Qa4 Bd5 14. Ngf3 Kf8 15. Nc4 Bf6 16. Rd1 a6 17. Qc2 b5 18. Ncd2 Rc8 19. Rc1 Kg7 20. Qd1 Qd6 21. Nh4 Ne7 22. Rxc8 Rxc8 23. Bxd5 Qxd5 24. f3 Bg5 25. Ng2 Qa2 26. f4 Qxb2 27. Kf2 Bf6 28. fxe5 Bxe5 29. Nf4 Rc2 30. Nf3 Bd6 31. Qa1 Bxa3 32. Rb1 Qc3 33. Qxc3 dxc3 34. Rb3 b4 35. Rb1 Rc1 36. Rxc1 0-1